000 00554nam a2200157 a 4500
008 120416s1973 ||||||||||||||||| || u
020 _a0471893803
050 _aTJ 265 Tur
100 _aTurton, John S
245 1 0 _aMacroscopic thermodynamics with engineering applications
260 _aLondon
_bJohn Wiley and Sons
_c1973
300 _axvi, 300p. : ill.
350 _a0.00
650 _aTHERMODYNAMICS
995 _D0.00
_FCBU-MAIN LIBRARY (Kitwe)
_H1
_I5.50
_M1
_UDAMAGED
_ZMain Library Open Access Collection
999 _c49657
_d49657